Detalles MARC
| 000 -LEADER |
| fixed length control field |
03116nam a2200505Ii 4500 |
| 001 - CONTROL NUMBER |
| control field |
DIGANT0391 |
| 003 - CONTROL NUMBER IDENTIFIER |
| control field |
NyNyDIG |
| 008 - FIXED-LENGTH DATA ELEMENTS--GENERAL INFORMATION |
| fixed length control field |
170227s2015 sp ob 000 0 spa d |
| 006 - FIXED-LENGTH DATA ELEMENTS--ADDITIONAL MATERIAL CHARACTERISTICS |
| fixed length control field |
m o d |
| 007 - PHYSICAL DESCRIPTION FIXED FIELD--GENERAL INFORMATION |
| fixed length control field |
cr ||||||||||| |
| 020 ## - INTERNATIONAL STANDARD BOOK NUMBER |
| Canceled/invalid ISBN |
9788416421183 |
| 020 ## - INTERNATIONAL STANDARD BOOK NUMBER |
| Canceled/invalid ISBN |
8416421188 |
| 035 ## - SYSTEM CONTROL NUMBER |
| System control number |
(OCoLC)979418002 |
| 040 ## - CATALOGING SOURCE |
| Original cataloging agency |
DGITA |
| Language of cataloging |
eng |
| Description conventions |
rda |
| -- |
pn |
| Transcribing agency |
DGITA |
| 043 ## - GEOGRAPHIC AREA CODE |
| Geographic area code |
cl----- |
| 050 14 - LIBRARY OF CONGRESS CALL NUMBER |
| Classification number |
PN241 eBook |
| 245 00 - TITLE STATEMENT |
| Title |
Traducción y tradición literaria / |
| Statement of responsibility, etc. |
Carmen Dolores Carrillo Juárez, Marco Ángel Lara (coords.) ; prólogo de Carmen Dolores Carrillo Juárez ; Gerardo Argüelles Fernández, Carmen Dolores Carrillo Juárez, Iwona Kasperska, Daniel Santillana García, Víctor Grovas Hajj, José María Micó, Joanna Studzińska. |
| 250 ## - EDITION STATEMENT |
| Edition statement |
Primera edición. |
| 264 #1 - PRODUCTION, PUBLICATION, DISTRIBUTION, MANUFACTURE, AND COPYRIGHT NOTICE |
| Place of production, publication, distribution, manufacture |
Barcelona : |
| Name of producer, publisher, distributor, manufacturer |
Anthropos Editorial ; |
| Place of production, publication, distribution, manufacture |
Querétaro, Mexico : |
| Name of producer, publisher, distributor, manufacturer |
Universidad Autónoma de Querétaro, |
| Date of production, publication, distribution, manufacture, or copyright notice |
2015. |
| 300 ## - PHYSICAL DESCRIPTION |
| Extent |
1 online resource. |
| 336 ## - CONTENT TYPE |
| Content type term |
text |
| Content type code |
txt |
| Source |
rdacontent |
| 337 ## - MEDIA TYPE |
| Media type term |
computer |
| Media type code |
c |
| Source |
rdamedia |
| 338 ## - CARRIER TYPE |
| Carrier type term |
online resource |
| Carrier type code |
cr |
| Source |
rdacarrier |
| 490 1# - SERIES STATEMENT |
| Series statement |
Autores, textos y temas. Literatura ; |
| Volume/sequential designation |
40 |
| 504 ## - BIBLIOGRAPHY, ETC. NOTE |
| Bibliography, etc. note |
Includes bibliographical references. |
| 505 0# - FORMATTED CONTENTS NOTE |
| Formatted contents note |
Un acercamiento a la poesía de Czeslaw Milosz por medio de las aproximaciones de José Emilio Pacheco / Carmen Dolores Carrillo Juárez -- ¿Cómo leer a Ingarden? : la teoría literaria de Roman Ingarden y el problema de su traducción al español / Gerardo Argüelles Fernández -- Ideologías en la traducción : identidad, canon y autocensura / Iwona Kasperska -- Paráfrasis de una mujer amorosa de Ihara Saikaku / Daniel Santillana García -- Traducción, tradición, recepción y alteridad en La ida de Quetzalcóatl : hacia una lectura contemporánea de un texto paradigmático del teatro prehispánico mexicano / Víctor Grovas Hajj -- Hacia otra traducción de la Commedia : el canto de Farinata y Cavalcante / José María Micó -- La huella fraseológica en la traducción de la poesía / Joanna Studzińska. |
| 588 0# - SOURCE OF DESCRIPTION NOTE |
| Source of description note |
Online resource; title from PDF title page (Digitalia, viewed February 27, 2017) |
| 650 #0 - SUBJECT ADDED ENTRY--TOPICAL TERM |
| Topical term or geographic name entry element |
Translating and interpreting. |
| 655 #0 - INDEX TERM--GENRE/FORM |
| Genre/form data or focus term |
Electronic books. |
| 700 1# - ADDED ENTRY--PERSONAL NAME |
| Personal name |
Carrillo Juárez, Carmen Dolores, |
| Relator term |
editor, |
| -- |
author, |
| -- |
contributor agent of text. |
| 700 1# - ADDED ENTRY--PERSONAL NAME |
| Personal name |
Ángel, Marco, |
| Dates associated with a name |
1970- |
| Relator term |
editor. |
| 700 1# - ADDED ENTRY--PERSONAL NAME |
| Personal name |
Argüelles Fernández, Gerardo, |
| Relator term |
author. |
| 700 1# - ADDED ENTRY--PERSONAL NAME |
| Personal name |
Kasperska, Iwona, |
| Relator term |
author. |
| 700 1# - ADDED ENTRY--PERSONAL NAME |
| Personal name |
Santillana García, Daniel, |
| Relator term |
author. |
| 700 1# - ADDED ENTRY--PERSONAL NAME |
| Personal name |
Grovas, Víctor, |
| Dates associated with a name |
1967- |
| Relator term |
author. |
| 700 1# - ADDED ENTRY--PERSONAL NAME |
| Personal name |
Micó, José María, |
| Dates associated with a name |
1961- |
| Relator term |
author. |
| 700 1# - ADDED ENTRY--PERSONAL NAME |
| Personal name |
Studzińska, Joanna, |
| Relator term |
author. |
| 776 08 - ADDITIONAL PHYSICAL FORM ENTRY |
| Relationship information |
Print version: |
| Title |
Traducción y tradición literaria. |
| Place, publisher, and date of publication |
Barcelona : Anthropos Editorial ; Querétaro, Mexico : Universidad Autónoma de Querétaro, 2015 |
| International Standard Book Number |
9788416421183 |
| Record control number |
(OCoLC)934437403 |
| 793 0# - |
| -- |
Digitalia eBook Collection: |
| -- |
Anthropos |
| 791 2# - |
| -- |
Digitalia (Firm), |
| -- |
distributor. |
| 830 #0 - SERIES ADDED ENTRY--UNIFORM TITLE |
| Uniform title |
Autores, textos y temas. |
| Name of part/section of a work |
Literatura ; |
| Volume/sequential designation |
40. |
| 856 40 - ELECTRONIC LOCATION AND ACCESS |
| Materials specified |
Digitalia Hispánica |
| Uniform Resource Identifier |
<a href="https://www.digitaliapublishing.com/a/41729/">https://www.digitaliapublishing.com/a/41729/</a> |
| 910 ## - USER-OPTION DATA (OCLC) |
| User-option data |
Premium collection: 2017 |
| 942 ## - ADDED ENTRY ELEMENTS (KOHA) |
| Koha item type |
Recurso Electrónico |